00961cam a2200253 a 450000100100000000500170001000800410002702000150006803500250008303500250010804000250013308200180015810000390017624500970021526000660031230000210037850400340039965000340043365000450046791000340051295201220054699900300066804900090069800001401120251017095405.0000121s1999 ck b 000 0 spa d a9588087155 a(BoCbEI)ei 000100196 a(BoCbEI)ei 000100196 aDO-SdBNPbspacBNPHU a340.72bF465m1 aFierro-Méndez, Heliodoro.93169710aMetodología de la investigación para la ciencia jurídica /cHeliodoro Fierro Méndez. aSantafé de Bogotá :bJurídicas Gustavo Ibañez,c1999. a262 p. ;c24 cm. aBibliografías: p. 261 -262. 0aDerechoxMetodología910320 0aFilosofía del derechoxColombia931699 aCatalogación por copia / LC 001052708MOaGRbGRcCTd2009-12-02iLF1l0o340.72 F465mp14011-10r2020-06-25w2020-06-25y2ZPréstamo interno a1 n0000228c13615d13615 aBNGR